000 00607nam a2200229Ia 4500
003 OSt
005 20220928111510.0
006 a|||||r|||| 00| 0
007 ta
008 220927b |||||||| |||| 00| 0 eng d
024 _a52557
037 _cTextual
040 _aSDCL
_cSDCL
_beng
041 _2eng
_aeng
082 _aR4, N2
100 _aIngalalli R I
_9423939
245 0 _aKnowledge of action
_b Logico - epistemological Analysis .
260 _aDelhi
_bSri Stguru
_c1992
300 _a82p.
_ccm.
942 _hR4, N2
_cTEXL
_2CC
999 _c740518
_d740518